One team MLB Careers- Sudden Death - Statistics

General Stats
  • This quiz has been taken 79 times
  • The average score is 8 of 11
Answers on the Grid
Answers color-coded by a green-red scale on the quiz's grid according to % correct below.
Gene Alley
Bob Allison
Hideki Matsui
Ernie Banks
Johnny Bench
Paul Goldschmidt
Roberto Clemente
Joe Dimaggio
Babe Ruth
CC Sabathia
Whitey Ford
Jackie Robinson
Aaron Boone
Alex Rodriguez
Alfonso Soriano
Lou Gehrig
MIke Schmidt
David Ortiz
Ted Williams
Juan Soto
Manny Machado
 
Answer Stats
Answer % Correct
Roberto Clemente
83%
Ernie Banks
81%
Johnny Bench
81%
Ted Williams
77%
Joe Dimaggio
75%
Lou Gehrig
75%
MIke Schmidt
71%
Jackie Robinson
69%
Whitey Ford
60%
Gene Alley
40%
Bob Allison
38%
No matching quizzes found
Score Distribution
Percent of People with Each Score
Percentile by Number Answered
Your Score History
You have not taken this quiz